Moreto (Record no. 173894)

MARC details
000 -LEADER
campo de control de longitud fija 01474namaa2200265 i 4500
001 - NÚMERO DE CONTROL
campo de control 173894
003 - IDENTIFICADOR DE NÚMERO DE CONTROL
campo de control ES-MaACL
005 - FECHA Y HORA DE LA ÚLTIMA TRANSACCIÓN
campo de control 20250920063112.0
008 - DATOS DE LONGITUD FIJA--INFORMACIÓN GENERAL
campo de control de longitud fija 100128s1854 sp || |||| | spa d
040 ## - FUENTE DE CATALOGACIÓN
Centro catalogador/agencia de origen SpMaBN
Lengua de catalogación spa
Centro/agencia transcriptor PAB
080 ## - NÚMERO DE LA CLASIFICACIÓN DECIMAL UNIVERSAL
Número de la Clasificación Decimal Universal 78.089.1
100 1# - ENTRADA PRINCIPAL--NOMBRE DE PERSONA
Nombre de persona Azcona, Agustín,
Fechas asociadas al nombre m.1855
9 (RLIN) 142051
245 10 - MENCIÓN DEL TÍTULO
Título Moreto
Resto del título : zarzuela en tres actos y en verso /
Mención de responsabilidad, etc. letra de D. Agustín Azcona ; música de D. Cristóbal Oudrid.
260 ## - PUBLICACIÓN, DISTRIBUCIÓN, ETC.
Lugar de publicación, distribución, etc. Madrid :
Nombre del editor, distribuidor, etc. [s.n.],
Fecha de publicación, distribución, etc. 1854 (
Fabricante Imp. de J. Rodríguez)
300 ## - DESCRIPCIÓN FÍSICA
Extensión 90 p., [1] h. ;
Dimensiones 17 cm.
490 1# - MENCIÓN DE SERIE
Mención de serie El teatro: colección de obras dramáticas y líricas
500 ## - NOTA GENERAL
Nota general En la última hoja, nota de los autores declarando haber suprimido en la representación varias estrofas, por la duración excesiva del espectáculo.
500 ## - NOTA GENERAL
Nota general En las páginas 2-4 de la cubierta: "Catálogo de las obras dramáticas y líricas de la galería El teatro; Zarzuelas; puntos de venta y comisionados principales: provincias, Madrid"
500 ## - NOTA GENERAL
Nota general Solo la letra.
700 0# - ENTRADA AGREGADA--NOMBRE PERSONAL
Nombre de persona Oudrid, Cristóbal.
9 (RLIN) 87969
830 03 - PUNTO DE ACCESO ADICIONAL DE SERIE-TÍTULO UNIFORME
Título uniforme El teatro: colección de obras dramática y líricas
9 (RLIN) 221753
852 ## - LOCALIZACIÓN
Ubicación ES-MaACL
Número de control de estantería F-8627(3)
Nota libre .- Enc. pasta española
condición física .- Falto de la cub. original
Nota libre .- Enc. en un vol. facticio formando parte de la col. facticia "Teatro español moderno", vol. 82
852 ## - LOCALIZACIÓN
Ubicación ES-MaACL
Número de control de estantería D-1748(1)
Nota libre .- Legado M. de la Fuente
-- .- Encuadernada con otras obras
condición física .- Conserva la cub. original
Holdings
Estatus retirado Estado de pérdida Estado de daño No para préstamo Colección Biblioteca de origen Biblioteca actual Ubicación en estantería Fecha de adquisición Fuente de adquisición Total de préstamos Signatura topográfica completa Código de barras Visto por última vez Precio de reemplazo Tipo de ítem Koha
        Libros del s. XIX Biblioteca del Ateneo de Madrid Biblioteca del Ateneo de Madrid Sala Pecera Planta 2 28/01/2010     F-8627(3) 1182533 23/02/2023 23/02/2023 Libro impreso antiguo
        Libros del s. XIX Biblioteca del Ateneo de Madrid Biblioteca del Ateneo de Madrid Sala Valle Inclán 26/05/2011     D-1748(1) 901187404 23/02/2023 23/02/2023 Libro impreso antiguo